000 00333 a2200157 4500
001 58362
020 _a850800012X
040 _cAnchieta - Pituba
100 _aAzevedo, Aluísio
240 1 0 _aCasa de pensão
_lpor
245 1 0 _aCasa de pensão
300 _a192
362 0 _a1991
650 4 _aFicção brasileira
942 _cBK
999 _c58362
_d58362